[Event "18th Asian-ch"]
[Site "New Delhi IND"]
[Date "2022.11.01"]
[Round "7.22"]
[White "Mitrabha, Guha"]
[Black "Nurmamedov, Azat"]
[Result "0-1"]
[WhiteElo "2474"]
[BlackElo "2382"]
[EventDate "2022.10.26"]
[PlyCount "122"]

1.d4 Nf6 2.Nc3 d5 3.Bf4 e6 4.e3 Bd6 5.Bd3 Bxf4 6.exf4 c5 7.dxc5 Qc7 8.Qd2 
Qxc5 9.Nf3 O-O 10.O-O b6 11.a3 Ba6 12.b4 Qc7 13.b5 Bb7 14.Ne2 Nbd7 15.Qe3 
Nc5 16.Ne5 Nfe4 17.Bxe4 Nxe4 18.Nd4 Rfe8 19.f3 Nd6 20.Rfe1 f6 21.Nd3 e5 
22.fxe5 fxe5 23.Nc6 e4 24.Ndb4 Nxb5 25.Nd4 Nxd4 26.Qxd4 exf3 27.gxf3 Qf7 
28.Kg2 Rac8 29.Rxe8+ Rxe8 30.Rf1 Qg6+ 31.Kf2 Qe6 32.Kg2 Rc8 33.Rf2 Rc4 34.
Qd2 h6 35.Kh1 d4 36.Qf4 Kh7 37.Nd3 Ra4 38.Qc7 Qc6 39.Qe7 Ba8 40.Qf8 Bb7 
41.Qe7 Ra5 42.Rg2 Rg5 43.Ne5 Qf6 44.Qxb7 Rxe5 45.Rg3 a5 46.Qa6 Qf5 47.Qc4 
Re1+ 48.Kg2 Rd1 49.Qc7 Qf6 50.Qb7 Rd2+ 51.Kh1 Re2 52.Qd5 a4 53.Qc4 Qe5 54.
Qd3+ Kh8 55.Qg6 b5 56.Qc6 Re3 57.Rg4 Rxa3 58.Re4 Qf5 59.Rxd4 Rxf3 60.Qa8+ 
Kh7 61.Qe4 Rf1+ 0-1

[Event "18th Asian-ch"]
[Site "New Delhi IND"]
[Date "2022.11.01"]
[Round "7.23"]
[White "Sanket, Chakravarty"]
[Black "Bilguun, Sumiya"]
[Result "0-1"]
[WhiteElo "2372"]
[BlackElo "2467"]
[EventDate "2022.10.26"]
[PlyCount "106"]

1.e4 c5 2.c3 d5 3.exd5 Qxd5 4.d4 Nf6 5.Nf3 e6 6.Na3 Qd8 7.Be3 cxd4 8.Nxd4 
a6 9.Nc4 Nd5 10.a4 Nxe3 11.fxe3 Qc7 12.Qf3 Nd7 13.Bd3 Nc5 14.Bc2 e5 15.Qg3
Ne6 16.Nxe6 Bxe6 17.Nd2 O-O-O 18.O-O-O Kb8 19.Ne4 Rxd1+ 20.Rxd1 f6 21.Kb1 
Ka7 22.h3 h6 23.Qg6 Rg8 24.Nd2 Qb6 25.Qe4 Ba3 26.b3 Rc8 27.c4 Bb4 28.Ka2 
Bc3 29.Qd3 Qb4 30.g4 Rc6 31.Nb1 Rxc4 32.Qd6 Rc6 33.Qxb4 Bxb4 34.Be4 Rc7 
35.Kb2 Bc5 36.Rd3 Rd7 37.Rc3 Bb6 38.b4 a5 39.bxa5 Bxa5 40.Rc8 Rd6 41.Re8 
Rb6+ 42.Kc1 Bb4 43.Nd2 Rd6 44.Nb1 Bb3 45.a5 Ba4 46.Rg8 Rd7 47.a6 bxa6 48.
Ra8+ Kb6 49.Rb8+ Ka5 50.Bf5 Rd1+ 51.Kb2 Rh1 52.Na3 Bxa3+ 53.Kxa3 Rxh3 0-1

[Event "18th Asian-ch"]
[Site "New Delhi IND"]
[Date "2022.11.01"]
[Round "7.24"]
[White "Avinash, Ramesh"]
[Black "Abdisalimov, Abdimalik"]
[Result "1/2-1/2"]
[WhiteElo "2338"]
[BlackElo "2457"]
[EventDate "2022.10.26"]
[PlyCount "61"]

1.e4 c5 2.Nf3 d6 3.d4 cxd4 4.Nxd4 Nf6 5.Nc3 a6 6.Be2 e5 7.Nb3 Be7 8.Be3 
Be6 9.Nd5 Nbd7 10.Qd3 Bxd5 11.exd5 O-O 12.g4 Nb6 13.c4 Rc8 14.Na5 Nbxd5 
15.Nxb7 Qc7 16.cxd5 Qxb7 17.O-O Qxb2 18.Rfb1 Qc3 19.Qxa6 e4 20.Rc1 Qe5 21.
Qxc8 Rxc8 22.Rxc8+ Bf8 23.Rb1 g5 24.Rbb8 Nd7 25.Rb7 Nf6 26.Rbb8 Nd7 27.Rb7
Nf6 28.Rbb8 Nd7 29.Rb7 Nf6 30.Rbb8 Nd7 31.Rb7 1/2-1/2

[Event "18th Asian-ch"]
[Site "New Delhi IND"]
[Date "2022.11.01"]
[Round "7.25"]
[White "Ajay, Karthikeyan"]
[Black "Wagh, Suyog"]
[Result "1/2-1/2"]
[WhiteElo "2441"]
[BlackElo "2351"]
[EventDate "2022.10.26"]
[PlyCount "136"]

1.d4 Nf6 2.Nf3 d5 3.c3 g6 4.h3 Bg7 5.Bf4 O-O 6.e3 c5 7.Nbd2 b6 8.a4 Nc6 9.
Bb5 Bb7 10.O-O Nd7 11.b4 Qe8 12.Bh2 a6 13.Bxc6 Bxc6 14.bxc5 bxc5 15.Qb3 a5
16.Rfe1 Qc8 17.Qa3 Re8 18.Nb3 Bf8 19.Ne5 cxd4 20.Nxd7 Bxd7 21.cxd4 e5 22.
Qa2 exd4 23.Rec1 Qb7 24.Rc7 Qb6 25.Nxd4 Be6 26.Rb1 Bb4 27.Rbc1 Rac8 28.
Rxc8 Rxc8 29.Rxc8+ Bxc8 30.Qxd5 Qc5 31.Qd8+ Qf8 32.Qf6 Qe7 33.Qxe7 Bxe7 
34.Nc6 Bb4 35.Nxb4 axb4 36.Kf1 f5 37.Ke1 Kf7 38.Bd6 b3 39.Kd2 Ba6 40.Kc3 
Ke6 41.Bf8 Bf1 42.g4 Bxh3 43.g5 Bg2 44.Kxb3 Bf3 45.Kc4 Bc6 46.a5 Be4 47.
Kb5 Bf3 48.a6 Kd7 49.Kc5 Be2 50.Kb6 Bf3 51.Bg7 Bg2 52.Be5 Bf3 53.Kc5 Ke6 
54.Bd4 Kd7 55.a7 Ke6 56.Kc4 f4 57.Bb6 fxe3 58.fxe3 Bg2 59.Bc7 Bf3 60.Bf4 
Bg2 61.Kc5 Bf3 62.Kd4 Kf5 63.Bb8 Bg2 64.Bc7 Bf3 65.Bf4 Bg2 66.Kd3 Bf3 67.
Kc4 Ke6 68.Kc5 Bg2 1/2-1/2

[Event "18th Asian-ch"]
[Site "New Delhi IND"]
[Date "2022.11.01"]
[Round "7.26"]
[White "Manish Anto, Cristiano F."]
[Black "Srihari, L. R."]
[Result "1/2-1/2"]
[WhiteElo "2332"]
[BlackElo "2436"]
[EventDate "2022.10.26"]
[PlyCount "60"]

1.e4 c6 2.Nc3 d5 3.Nf3 Bg4 4.h3 Bxf3 5.Qxf3 e6 6.Be2 Nd7 7.O-O Bc5 8.Rd1 
Bd4 9.exd5 exd5 10.Bf1 Qf6 11.Qxf6 Bxf6 12.d4 Ne7 13.Ne2 O-O 14.c3 Rfe8 
15.Nf4 Ng6 16.Nd3 Be7 17.Re1 Bd6 18.Bd2 Nf6 19.Rxe8+ Rxe8 20.Re1 Rxe1 21.
Bxe1 Nf4 22.g3 Nxd3 23.Bxd3 g6 24.Kg2 Kf8 25.Kf3 Ke7 26.Bd2 Nd7 27.Bg5+ f6
28.Bc1 Nf8 29.h4 Kf7 30.Ke2 Ne6 1/2-1/2

[Event "18th Asian-ch"]
[Site "New Delhi IND"]
[Date "2022.11.01"]
[Round "7.27"]
[White "Nitish, Belurkar"]
[Black "Raahul, V. S."]
[Result "1/2-1/2"]
[WhiteElo "2435"]
[BlackElo "2333"]
[EventDate "2022.10.26"]
[PlyCount "121"]

1.d4 Nf6 2.Nf3 e6 3.Bf4 c5 4.e3 Qb6 5.Nbd2 Qxb2 6.Bc4 d5 7.Rb1 Qc3 8.Bb5+ 
Nbd7 9.O-O a6 10.Bxd7+ Nxd7 11.e4 Nf6 12.exd5 Nxd5 13.Ne4 Qc4 14.Qd2 cxd4 
15.Nxd4 f6 16.Rfe1 Kf7 17.Nf3 Be7 18.Neg5+ Kf8 19.Nxe6+ Bxe6 20.Rxe6 Rd8 
21.Rxe7 Kxe7 22.Rxb7+ Kf8 23.Bh6 Qe4 24.Rxg7 Ke8 25.h3 Ne7 26.Qc3 Qe6 27.
Bd2 h5 28.Qa5 Rd5 29.Qb4 Kf8 30.Rg3 Kf7 31.c4 Rd7 32.Qa5 Qxc4 33.Rg5 Rd5 
34.Rxd5 Nxd5 35.Qa3 Rb8 36.Qd6 Rb1+ 37.Be1 Qe4 38.Qxa6 Rxe1+ 39.Nxe1 Qxe1+
40.Qf1 Qxf1+ 41.Kxf1 Nc3 42.a3 Kg6 43.g3 Kf5 44.f3 Ke5 45.Kf2 Nd1+ 46.Kg2 
f5 47.a4 Ne3+ 48.Kf2 Nc4 49.h4 f4 50.Kg2 fxg3 51.Kxg3 Nd6 52.f4+ Kd5 53.f5
Ke5 54.f6 Nf5+ 55.Kf3 Kxf6 56.a5 Ke5 57.a6 Nd4+ 58.Ke3 Nc6 59.Kd2 Kd4 60.
Ke2 Ke4 61.Kd2 1/2-1/2

[Event "18th Asian-ch"]
[Site "New Delhi IND"]
[Date "2022.11.01"]
[Round "7.28"]
[White "Winkelman, Albert"]
[Black "Harshavardhan, G. B."]
[Result "0-1"]
[WhiteElo "2229"]
[BlackElo "2433"]
[EventDate "2022.10.26"]
[PlyCount "82"]

1.d4 Nf6 2.c4 e6 3.Nf3 b6 4.g3 Ba6 5.b3 b5 6.Bg2 bxc4 7.Ne5 Bb4+ 8.Kf1 d5 
9.bxc4 Bd6 10.Nc3 c6 11.cxd5 Nxd5 12.Nxd5 exd5 13.Nd3 Nd7 14.Bf3 Nb6 15.
Kg2 O-O 16.h4 Qf6 17.h5 Qxd4 18.Bb2 Qa4 19.Qc1 f6 20.h6 g6 21.Nc5 Bxc5 22.
Qxc5 Qb5 23.Qd4 Nc4 24.Bc3 Ne5 25.Bb4 Rf7 26.Rac1 Re8 27.Rc3 Qb8 28.Bc5 
Bc4 29.Ra3 a6 30.Rh4 Nd7 31.e4 Ne5 32.Bd1 Qb1 33.Rb3 Bxb3 34.Bxb3 Qd3 35.
exd5 Qf3+ 36.Kh2 Qe2 37.Rf4 g5 38.Rf5 Qh5+ 39.Kg2 Nf3 40.Qe3 Rxe3 41.Bxe3 
Nh4+ 0-1

[Event "18th Asian-ch"]
[Site "New Delhi IND"]
[Date "2022.11.01"]
[Round "7.29"]
[White "Jain Kashish, Manoj"]
[Black "Yakubboev, Nodirbek"]
[Result "0-1"]
[WhiteElo "2300"]
[BlackElo "2663"]
[EventDate "2022.10.26"]
[PlyCount "76"]

1.e4 c5 2.Nf3 Nc6 3.Bb5 g6 4.O-O Bg7 5.Nc3 Nd4 6.Nxd4 cxd4 7.Ne2 Nf6 8.d3 
O-O 9.Ba4 d5 10.f3 e5 11.Qe1 Be6 12.Bb3 a5 13.c3 a4 14.Bd1 dxe4 15.dxe4 d3
16.Ng3 Nd7 17.Kh1 Nb6 18.Rf2 Qd7 19.f4 exf4 20.Bxf4 Nc4 21.Nf1 d2 22.Bxd2 
Nxb2 23.Be2 a3 24.Rf3 Ra4 25.Ng3 Bg4 26.Re3 Rd8 27.Nf1 Bxe2 28.Rxe2 Re8 
29.Ng3 h5 30.e5 Nd3 31.Qf1 Rxe5 32.Rd1 Rd5 33.Ne4 Rf5 34.Nf2 Nxf2+ 35.Rxf2
Rxf2 36.Qxf2 Bxc3 37.Qe3 Ba5 38.Qg5 b6 0-1

[Event "18th Asian-ch"]
[Site "New Delhi IND"]
[Date "2022.11.01"]
[Round "7.30"]
[White "De Silva, L. M. S. T."]
[Black "Tologon, Tegin Semetei"]
[Result "0-1"]
[WhiteElo "2516"]
[BlackElo "2382"]
[EventDate "2022.10.26"]
[PlyCount "98"]

1.e4 e5 2.Nf3 Nc6 3.Bb5 a6 4.Ba4 Nf6 5.O-O Be7 6.Re1 b5 7.Bb3 d6 8.c3 O-O 
9.a4 b4 10.a5 Rb8 11.Bc4 Bb7 12.d3 h6 13.Nbd2 d5 14.exd5 Nxd5 15.Ne4 Qd7 
16.Bd2 bxc3 17.bxc3 Nf6 18.Ng3 Bd6 19.Qa4 Rfe8 20.Qa2 Nd8 21.Rab1 Ra8 22.
Nh4 Bc6 23.Nhf5 Bf8 24.d4 exd4 25.Rxe8 Nxe8 26.cxd4 Nf6 27.Rc1 Ne6 28.Ne3 
Bb5 29.Bc3 Nf4 30.Bb3 Ne4 31.Bc4 Nxc3 32.Rxc3 Qxd4 33.Bxf7+ Kh8 34.Rc1 Qe5
35.Bc4 Bc5 36.Ng4 Qg5 37.Bxb5 axb5 38.Qc2 Rxa5 39.h3 Bb6 40.Qc6 Qg6 41.Qf3
Ra4 42.Rd1 Qe6 43.Kh2 Kh7 44.Rd8 c6 45.Rb8 Bc7 46.Rb7 Nd5 47.Ne3 Rf4 48.
Qe2 Rf7 49.Qd3+ Qg6 0-1

[Event "18th Asian-ch"]
[Site "New Delhi IND"]
[Date "2022.11.01"]
[Round "7.31"]
[White "Laxman, Rajaram"]
[Black "Suleymenov, Alisher"]
[Result "1/2-1/2"]
[WhiteElo "2378"]
[BlackElo "2491"]
[EventDate "2022.10.26"]
[PlyCount "114"]

1.d4 Nf6 2.c4 g6 3.Nc3 d5 4.cxd5 Nxd5 5.e4 Nxc3 6.bxc3 Bg7 7.Bc4 c5 8.Ne2 
Nc6 9.Be3 O-O 10.O-O Bg4 11.f3 Bd7 12.Rb1 Qc7 13.Bd3 e6 14.Qd2 a6 15.Kh1 
b5 16.Bf4 e5 17.Bg3 Qa5 18.d5 Nd4 19.Rfd1 Nxe2 20.Bxe2 c4 21.Bf2 Qa3 22.
Qb2 Qd6 23.a4 f5 24.Be3 Bf6 25.axb5 axb5 26.Ra1 Be7 27.Kg1 Rfc8 28.Rxa8 
Rxa8 29.Ra1 Rxa1+ 30.Qxa1 Qa3 31.Qxa3 Bxa3 32.Bb6 Bb2 33.Ba5 Kf7 34.Kf2 
Ke7 35.Bb4+ Kf6 36.g3 Bc1 37.Ba5 Ba3 38.Bb6 Bd6 39.Bd8+ Kf7 40.Bb6 Bc8 41.
Be3 Ba6 42.Bb6 Ke7 43.Ba5 Kd7 44.Bd1 Bc5+ 45.Ke1 Kd6 46.Bb4 Bc8 47.g4 f4 
48.h4 g5 49.h5 h6 50.Kd2 Bb7 51.Bc2 Bc8 52.Bd1 Bd7 53.Bc2 Be8 54.Bb1 Bf7 
55.Bc2 Bg8 56.Bb1 Bh7 57.Bc2 Bg8 1/2-1/2

[Event "18th Asian-ch"]
[Site "New Delhi IND"]
[Date "2022.11.01"]
[Round "7.32"]
[White "Batchuluun, Tsegmed"]
[Black "Panda, Sambit"]
[Result "1/2-1/2"]
[WhiteElo "2487"]
[BlackElo "2362"]
[EventDate "2022.10.26"]
[PlyCount "145"]

1.d4 d5 2.c4 e6 3.Nf3 a6 4.Bg5 Be7 5.Bxe7 Nxe7 6.Nbd2 Nd7 7.g3 O-O 8.Bg2 
c5 9.Rc1 cxd4 10.cxd5 Nxd5 11.Nxd4 N7f6 12.Nc4 Re8 13.O-O e5 14.Nb3 e4 15.
Qd2 Qe7 16.Rfd1 Be6 17.Nd4 Rad8 18.Nxe6 Qxe6 19.e3 Rd7 20.Qa5 b6 21.Qe1 
Rc7 22.Na3 Rec8 23.Rxc7 Rxc7 24.Qd2 Qe5 25.Rc1 Rxc1+ 26.Qxc1 g6 27.Nc2 Qc7
28.Qb1 Qe5 29.Nd4 Ne7 30.a3 Nf5 31.Nxf5 Qxf5 32.Qc2 Qe5 33.Qb3 Qc5 34.Bf1 
b5 35.Qd1 Kg7 36.h3 h5 37.Qd2 h4 38.g4 Nh7 39.Kg2 Ng5 40.Be2 Ne6 41.Bd1 
Qe5 42.b4 Ng5 43.Qd8 Qf6 44.Qd5 Kh7 45.Qa2 Kg8 46.Qd5 Kh7 47.Qa2 Qd6 48.
Be2 Kg8 49.Qc2 Qf6 50.Bd1 Kg7 51.Qa2 Nf3 52.Be2 Ne1+ 53.Kf1 Nd3 54.Bxd3 
exd3 55.Qd5 Qa1+ 56.Kg2 Qc3 57.Kf3 Qf6+ 58.Kg2 Qc3 59.Kf3 Qxa3 60.Qd4+ Kg8
61.Qd8+ Kg7 62.Qd4+ Kh7 63.Qd5 Kg8 64.Qd8+ Kh7 65.Qd5 Qxb4 66.Qxf7+ Kh6 
67.Qf6 Kh7 68.Qf7+ Kh8 69.Qf6+ Kh7 70.Qf7+ Kh6 71.Qf6 Kh7 72.Qf7+ Kh6 73.
Qf6 1/2-1/2

[Event "18th Asian-ch"]
[Site "New Delhi IND"]
[Date "2022.11.01"]
[Round "7.33"]
[White "Saydaliev, Saidakbar"]
[Black "Hossain, Enamul"]
[Result "1-0"]
[WhiteElo "2376"]
[BlackElo "2390"]
[EventDate "2022.10.26"]
[PlyCount "99"]

1.e4 c5 2.Nf3 d6 3.Nc3 a6 4.d4 cxd4 5.Nxd4 Nf6 6.Bg5 e6 7.f4 Be7 8.Qf3 Qc7
9.O-O-O Nbd7 10.g4 h6 11.Bxf6 Bxf6 12.h4 Nb6 13.g5 Bxd4 14.Rxd4 Qc5 15.Rd1
Bd7 16.Bd3 Na4 17.Nxa4 Bxa4 18.Rhg1 O-O-O 19.gxh6 Rxh6 20.Rg5 d5 21.exd5 
Rxd5 22.Rxd5 exd5 23.Qg4+ Kb8 24.Qxg7 Qe3+ 25.Kb1 Qxf4 26.Qf8+ Ka7 27.Qc5+
Rb6 28.Rh1 Bc6 29.h5 d4 30.Rf1 Qe3 31.a3 Bg2 32.Rf6 Qe1+ 33.Ka2 Bd5+ 34.b3
Be6 35.a4 Qc3 36.Qxc3 dxc3 37.Bc4 Rd6 38.Bxe6 fxe6 39.b4 Rd4 40.Kb3 Rh4 
41.h6 e5 42.Kxc3 a5 43.bxa5 Rxa4 44.Kd3 Rh4 45.Ke3 e4 46.c4 Rh5 47.Kxe4 
Rxa5 48.Rf5 Ra4 49.Kd4 Kb6 50.Rf8 1-0

[Event "18th Asian-ch"]
[Site "New Delhi IND"]
[Date "2022.11.01"]
[Round "7.35"]
[White "Vaishali, R."]
[Black "Kakabaev, Mergen"]
[Result "0-1"]
[WhiteElo "2451"]
[BlackElo "2285"]
[EventDate "2022.10.26"]
[PlyCount "108"]

1.e4 e6 2.d4 d5 3.e5 c5 4.c3 Qb6 5.Nf3 Nc6 6.Bd3 cxd4 7.O-O Bd7 8.Re1 a6 
9.Nbd2 dxc3 10.bxc3 Nge7 11.h4 Ng6 12.Nb3 Qc7 13.Qe2 f6 14.exf6 gxf6 15.
Nfd4 e5 16.Qh5 Ne7 17.Bf4 Bg7 18.Nf5 Nxf5 19.Bxf5 Bxf5 20.Qxf5 Qd7 21.
Qxd7+ Kxd7 22.Bg3 Rhc8 23.Rad1 Ne7 24.Rd3 Ke6 25.f3 Kf7 26.Bf2 f5 27.Bc5 
Rd8 28.Nd4 Rd7 29.Nb3 h5 30.Red1 Rad8 31.Bxe7 Kxe7 32.Nc5 Rc7 33.Rxd5 Rxd5
34.Rxd5 Bf6 35.c4 b6 36.Nxa6 Rxc4 37.Rb5 e4 38.fxe4 fxe4 39.Kf1 Bd4 40.Nb4
Kd6 41.Ke2 Bc5 42.a3 Rc3 43.a4 Re3+ 44.Kf1 Ra3 45.Na6 Ra1+ 46.Ke2 Ra2+ 47.
Kf1 Be3 48.Rb3 Bd4 49.Rb4 Rd2 50.Ke1 e3 51.Rb3 Rxg2 52.Nb4 Kc5 53.Kd1 Kc4 
54.Rd3 Bc3 0-1

[Event "18th Asian-ch"]
[Site "New Delhi IND"]
[Date "2022.11.01"]
[Round "7.36"]
[White "Sidhant, Mohapatra"]
[Black "Sattarov, Bobir"]
[Result "0-1"]
[WhiteElo "2343"]
[BlackElo "2433"]
[EventDate "2022.10.26"]
[PlyCount "90"]

1.e4 e5 2.Nf3 Nc6 3.Bb5 a6 4.Ba4 Nf6 5.O-O Be7 6.Re1 b5 7.Bb3 d6 8.c3 O-O 
9.h3 Bb7 10.d4 Re8 11.Ng5 Rf8 12.Nf3 Re8 13.Ng5 Rf8 14.Nf3 Nd7 15.Nbd2 Bf6
16.Nf1 exd4 17.cxd4 Na5 18.Bc2 c5 19.e5 dxe5 20.dxe5 Be7 21.Qd3 g6 22.Bh6 
Re8 23.e6 fxe6 24.Rad1 Bd5 25.Ne3 c4 26.Qe2 Bf8 27.Ng4 Nc6 28.Bxg6 hxg6 
29.Qc2 Ne7 30.Rxd5 exd5 31.Rxe7 Qxe7 32.Qxg6+ Bg7 33.Ng5 Nf8 34.Qh5 Qc7 
35.g3 Re1+ 36.Kh2 Re6 37.Nxe6 Nxe6 38.Bxg7 Qxg7 39.Qf5 Qe7 40.Qg6+ Kf8 41.
Nh6 Ng7 42.Qh7 Ke8 43.Qg8+ Qf8 44.Qxd5 Qxf2+ 45.Kh1 Rd8 0-1

[Event "18th Asian-ch"]
[Site "New Delhi IND"]
[Date "2022.11.01"]
[Round "7.37"]
[White "Muhammed, Shuaau"]
[Black "Nitin, S."]
[Result "1/2-1/2"]
[WhiteElo "2010"]
[BlackElo "2407"]
[EventDate "2022.10.26"]
[PlyCount "102"]

1.e4 g6 2.d4 Bg7 3.Nf3 d6 4.Bc4 c6 5.c3 Nf6 6.Qe2 O-O 7.Bb3 a5 8.O-O Bg4 
9.Nbd2 a4 10.Bc2 e5 11.dxe5 dxe5 12.h3 Bxf3 13.Nxf3 Nbd7 14.Be3 Qc7 15.
Rfd1 Rfe8 16.a3 Bf8 17.Nd2 Nc5 18.Bxc5 Bxc5 19.Nc4 Nh5 20.Kh2 Nf4 21.Qf3 
b5 22.Ne3 Bxe3 23.Qxe3 Ne6 24.Rd2 Qa7 25.Qf3 Kg7 26.Rad1 Rad8 27.g3 Rxd2 
28.Rxd2 Rd8 29.Qd1 Qe7 30.Kg2 Rxd2 31.Qxd2 Nc5 32.c4 Ne6 33.cxb5 cxb5 34.
Qd5 Nd4 35.Bd3 Qe8 36.h4 f6 37.Kf1 Qc8 38.Kg2 Qe8 39.Kf1 Qf7 40.Qc5 Qb3 
41.Qc7+ Kh6 42.Qc1+ g5 43.hxg5+ fxg5 44.Qc3 Qd1+ 45.Kg2 Qf3+ 46.Kg1 Kh5 
47.Bxb5 Qxe4 48.Be8+ Kh6 49.Qc5 Nf3+ 50.Kf1 Nd2+ 51.Kg1 Nf3+ 1/2-1/2

[Event "18th Asian-ch"]
[Site "New Delhi IND"]
[Date "2022.11.01"]
[Round "7.38"]
[White "Muradov, Soltan"]
[Black "Shahil, Dey"]
[Result "1/2-1/2"]
[WhiteElo "2233"]
[BlackElo "2395"]
[EventDate "2022.10.26"]
[PlyCount "148"]

1.d4 d5 2.c4 c6 3.Nc3 Nf6 4.Nf3 e6 5.Bg5 dxc4 6.e4 b5 7.e5 h6 8.Bh4 g5 9.
Nxg5 hxg5 10.Bxg5 Nbd7 11.exf6 Bb7 12.g3 c5 13.d5 Nxf6 14.Bg2 Bh6 15.Bxf6 
Qxf6 16.Ne4 Qe5 17.dxe6 Rd8 18.exf7+ Ke7 19.Qe2 Bxe4 20.O-O Rd2 21.Qxe4 
Qxe4 22.Bxe4 Kxf7 23.a4 Rd4 24.axb5 Rxe4 25.Rxa7+ Re7 26.Ra4 Rb8 27.Rxc4 
Rxb5 28.Rd1 Re5 29.Rd6 Bf8 30.Rd2 Ke6 31.f4 Re1+ 32.Kf2 Rb1 33.Re4+ Kf6 
34.Ree2 Rb7 35.Kf3 Kf7 36.Kg4 Re7 37.Kf5 Rxe2 38.Rxe2 Bg7 39.Rc2 Bd4 40.h4
Rxb2 41.Rc1 Rh2 42.Kg5 Bf6+ 43.Kf5 Bd4 44.Kg5 Ke6 45.h5 Kd5 46.g4 c4 47.
Kg6 Be3 48.Rd1+ Ke4 49.f5 Rg2 50.f6 Rxg4+ 51.Kh7 c3 52.f7 Bc5 53.Re1+ Kd5 
54.h6 c2 55.Kh8 Bb4 56.Rc1 Rg2 57.Rh1 Bf8 58.h7 Bg7+ 59.Kg8 Bh6+ 60.Kh8 
c1=Q 61.Rh5+ Rg5 62.Rxg5+ Qxg5 63.f8=Q Qe5+ 64.Kg8 Qg5+ 65.Kh8 Qe5+ 66.Kg8
Bxf8 67.h8=Q Qe8 68.Qh1+ Kd6 69.Qd1+ Kc7 70.Qd5 Be7+ 71.Kh7 Bf6 72.Qc5+ 
Kb7 73.Qd5+ Qc6 74.Qxc6+ Kxc6 1/2-1/2

[Event "18th Asian-ch"]
[Site "New Delhi IND"]
[Date "2022.11.01"]
[Round "7.39"]
[White "Krishna Teja, N."]
[Black "Liyanage Ranindu, Dilshan"]
[Result "0-1"]
[WhiteElo "2359"]
[BlackElo "2310"]
[EventDate "2022.10.26"]
[PlyCount "80"]

1.d4 Nf6 2.c4 e6 3.Nf3 d5 4.g3 dxc4 5.Bg2 Bb4+ 6.Nbd2 c5 7.dxc5 Bxc5 8.O-O
O-O 9.Nxc4 Nc6 10.a3 Qe7 11.b4 Rd8 12.Bd2 Bd4 13.Nxd4 Nxd4 14.e3 Nf5 15.
Qc2 Rb8 16.Bc3 Bd7 17.e4 Nh6 18.Rfd1 Bb5 19.Bd4 Qc7 20.Bxa7 Rxd1+ 21.Rxd1 
Ra8 22.Bc5 Ba4 23.Qd2 Bxd1 24.Qxd1 Nd7 25.Be3 Ng4 26.Qxg4 Qxc4 27.Bf1 Qc3 
28.Qd1 Nf6 29.Bg2 Qxa3 30.Qd6 Qa6 31.Bb6 Qc4 32.h3 Nxe4 33.Qd7 Qd5 34.Qc7 
Nf6 35.Qd6 Qc4 36.Qd7 Ne4 37.Qc7 Qd5 38.Be3 f5 39.Bf4 h6 40.Kh2 Ra1 0-1

[Event "18th Asian-ch"]
[Site "New Delhi IND"]
[Date "2022.11.01"]
[Round "7.40"]
[White "Sharan, Rao"]
[Black "Chakravarthi Reddy, M."]
[Result "1-0"]
[WhiteElo "2350"]
[BlackElo "2301"]
[EventDate "2022.10.26"]
[PlyCount "99"]

1.Nf3 d5 2.b3 Bg4 3.Bb2 Nd7 4.e3 e6 5.h3 Bh5 6.Be2 c6 7.c4 Ngf6 8.O-O Bd6 
9.Nc3 O-O 10.d4 Ne4 11.Nxe4 dxe4 12.Ne5 Bxe2 13.Qxe2 f5 14.Nxd7 Qxd7 15.
Rfd1 Rfd8 16.g3 Qf7 17.a3 Rd7 18.h4 Rad8 19.b4 Qg6 20.Kg2 Be7 21.h5 Qf7 
22.Bc3 h6 23.a4 a6 24.c5 Rd5 25.b5 axb5 26.axb5 cxb5 27.Rdb1 e5 28.dxe5 
Bxc5 29.Rxb5 b6 30.Rab1 Rd3 31.Bb4 R8d5 32.Bxc5 Rd2 33.e6 Qxe6 34.Rxb6 
Rxe2 35.Rxe6 Rxc5 36.Rb8+ Kf7 37.Ree8 Re1 38.Rf8+ Ke7 39.Rbe8+ Kd7 40.Rd8+
Ke7 41.Rde8+ Kd7 42.g4 Rc2 43.Re5 Rcc1 44.Rexf5 Rg1+ 45.Kh3 Rh1+ 46.Kg3 
Rcg1+ 47.Kf4 Rh2 48.R8f7+ Kd6 49.Rxg7 Rxf2+ 50.Kxe4 1-0

[Event "18th Asian-ch"]
[Site "New Delhi IND"]
[Date "2022.11.01"]
[Round "7.41"]
[White "Jaiswal, Rupesh"]
[Black "Dang Vu Dung"]
[Result "1-0"]
[WhiteElo "2135"]
[BlackElo "2017"]
[EventDate "2022.10.26"]
[PlyCount "103"]

1.e4 e6 2.Qe2 c5 3.Nf3 Nc6 4.g3 Be7 5.Bg2 d5 6.d3 d4 7.c3 e5 8.O-O h5 9.h4
Bg4 10.Nbd2 g5 11.hxg5 Bxg5 12.Nb3 Be7 13.cxd4 cxd4 14.Bd2 h4 15.Rfc1 h3 
16.Bf1 Qd6 17.Qd1 Qf6 18.Be2 h2+ 19.Kh1 Kf8 20.Nh4 Bh3 21.Bf3 Qg7 22.Nf5 
Qg6 23.Qe2 Re8 24.Nc5 Bxc5 25.Rxc5 Re6 26.Nh4 Qf6 27.Bg2 Rxh4 28.gxh4 
Bxg2+ 29.Kxg2 Qxh4 30.Kh1 Rg6 31.f4 Qg3 32.Rcc1 Nf6 33.Rf1 Ng4 34.Rf3 Qh4 
35.Raf1 f6 36.b4 a6 37.a3 b5 38.f5 Rg7 39.Qe1 Qh5 40.Rg3 Nd8 41.Qe2 Nf7 
42.Rg2 Qh4 43.Be1 Qg5 44.Bd2 Qh4 45.Rf3 Rh7 46.Be1 Qh5 47.Rfg3 Ne3 48.Qxh5
Rxh5 49.Rg8+ Ke7 50.Rxh2 Rg5 51.Rxg5 Nxg5 52.Bd2 1-0

[Event "18th Asian-ch"]
[Site "New Delhi IND"]
[Date "2022.11.01"]
[Round "7.42"]
[White "Sharma Dinesh, K."]
[Black "Ratnakaran, K."]
[Result "1-0"]
[WhiteElo "2242"]
[BlackElo "2329"]
[EventDate "2022.10.26"]
[PlyCount "109"]

1.e4 e6 2.d4 d5 3.Nc3 Nf6 4.e5 Nfd7 5.f4 c5 6.Nf3 Be7 7.Be3 b6 8.Qd2 Nc6 
9.Bb5 Bb7 10.O-O-O a6 11.Bxc6 Bxc6 12.f5 exf5 13.dxc5 Bxc5 14.Bg5 Qc8 15.
Nxd5 h6 16.Bh4 Nf8 17.Rhe1 Ne6 18.Kb1 Bxd5 19.Qxd5 g5 20.Rf1 gxh4 21.Nxh4 
f4 22.g3 fxg3 23.Nf5 Ra7 24.hxg3 Bf8 25.Qf3 Rg8 26.a3 Rg6 27.Rd6 Ng5 28.
Qe3 Qc5 29.Rd4 Ne6 30.b4 Qb5 31.Rd3 a5 32.c4 Qc6 33.b5 Qc5 34.Qe4 Qc8 35.
Rd5 Rc7 36.Qf3 Ng5 37.Qd3 Rxc4 38.Nd6+ Bxd6 39.exd6 Qg4 40.d7+ Kd8 41.Qxg6
Qe4+ 42.Qxe4 Nxe4 43.Kb2 f6 44.Rf4 a4 45.Rh4 Rc5 46.Rxc5 Nxc5 47.Rxh6 Nxd7
48.Kc3 Ke7 49.Kd4 Ke6 50.Rh7 Nc5 51.Rc7 Nb3+ 52.Kc3 Nc5 53.Rxc5 bxc5 54.
Kc4 Kd6 55.g4 1-0

[Event "18th Asian-ch"]
[Site "New Delhi IND"]
[Date "2022.11.01"]
[Round "7.43"]
[White "Dushyant, Sharma"]
[Black "Schain, Randolph"]
[Result "1-0"]
[WhiteElo "2370"]
[BlackElo "2165"]
[EventDate "2022.10.26"]
[PlyCount "73"]

1.e4 c5 2.Nf3 d6 3.d4 cxd4 4.Nxd4 Nf6 5.Nc3 g6 6.f4 Nbd7 7.Nf3 Qc7 8.Bd3 
Bg7 9.O-O O-O 10.Qe1 Nc5 11.Kh1 Bd7 12.Bd2 Bc6 13.b4 Ncxe4 14.Nxe4 Nxe4 
15.Bxe4 Bxa1 16.Bxc6 Bf6 17.Be4 Rac8 18.Bd3 d5 19.Ne5 e6 20.Qg3 Bg7 21.Qh3
Qe7 22.Re1 Rfe8 23.Ng4 Qd7 24.Qh4 Qe7 25.Qf2 Qc7 26.h3 b6 27.a3 Red8 28.
Qh4 h5 29.Ne5 d4 30.b5 Rd5 31.Nc6 Re8 32.f5 f6 33.fxe6 f5 34.Bf4 Qb7 35.e7
Rc5 36.Qg5 Kh7 37.Re6 1-0

[Event "18th Asian-ch"]
[Site "New Delhi IND"]
[Date "2022.11.02"]
[Round "8.1"]
[White "Koustav, Chatterjee"]
[Black "Praggnanandhaa, Rameshbabu"]
[Result "0-1"]
[WhiteElo "2496"]
[BlackElo "2687"]
[EventDate "2022.10.26"]
[PlyCount "106"]

1.d4 Nf6 2.c4 e6 3.Nf3 d5 4.g3 Bb4+ 5.Bd2 a5 6.Bg2 O-O 7.Qc2 Be7 8.O-O c6 
9.Bf4 Nbd7 10.Rd1 a4 11.Ne5 h6 12.a3 Qb6 13.Nc3 Qa6 14.cxd5 exd5 15.e4 
dxe4 16.Nxe4 Nxe4 17.Nxd7 Bxd7 18.Bxe4 Be6 19.d5 cxd5 20.Bxd5 Rac8 21.Qe4 
Bxd5 22.Rxd5 Bf6 23.Rd6 Rc6 24.Rxc6 bxc6 25.Rc1 Rd8 26.Qc4 Qb5 27.Qxb5 
cxb5 28.Rc2 Rd3 29.Kf1 Rb3 30.Bc1 g5 31.h3 Kg7 32.Ke2 h5 33.f3 Be5 34.g4 
Kg6 35.Rc5 f6 36.gxh5+ Kxh5 37.f4 Bd4 38.Rd5 Bxb2 39.Be3 Bxa3 40.fxg5 Kg6 
41.h4 Bb2 42.Rd6 a3 43.Ra6 Rb4 44.h5+ Kxh5 45.gxf6 Kg6 46.Kd2 Rc4 47.Kd3 
Rc3+ 48.Ke2 b4 49.Ra7 Rc8 50.f7 b3 51.Bc5 a2 52.f8=Q Rxf8 53.Bxf8 Bf6 0-1

[Event "18th Asian-ch"]
[Site "New Delhi IND"]
[Date "2022.11.02"]
[Round "8.2"]
[White "Vokhidov, Shamsiddin"]
[Black "Harsha, Bharathakoti"]
[Result "1/2-1/2"]
[WhiteElo "2568"]
[BlackElo "2582"]
[EventDate "2022.10.26"]
[PlyCount "60"]

1.e4 c5 2.Nf3 Nc6 3.Bb5 e5 4.O-O Bd6 5.c3 a6 6.Be2 Nf6 7.d4 cxd4 8.cxd4 
exd4 9.Nxd4 Nxd4 10.Qxd4 Qc7 11.h3 O-O 12.Nc3 b5 13.Bg5 Bh2+ 14.Kh1 Be5 
15.Qd3 Bb7 16.Rac1 Qb6 17.Bxf6 Bxf6 18.b3 Rac8 19.Nd5 Bxd5 20.Rxc8 Rxc8 
21.Qxd5 Qe6 22.Qb7 Qc6 23.Qxc6 Rxc6 24.Bd3 Rc3 25.Rd1 Bg5 26.Kg1 Rc1 27.
Rxc1 Bxc1 28.Kf1 Kf8 29.Ke2 Ke7 30.a4 bxa4 1/2-1/2

[Event "18th Asian-ch"]
[Site "New Delhi IND"]
[Date "2022.11.02"]
[Round "8.3"]
[White "Atabaev, Saparmyrat"]
[Black "Narayanan, Sunilduth Lyna"]
[Result "0-1"]
[WhiteElo "2433"]
[BlackElo "2663"]
[EventDate "2022.10.26"]
[PlyCount "122"]

1.e4 c5 2.Nf3 Nc6 3.d4 cxd4 4.Nxd4 e5 5.Nb5 d6 6.N1c3 a6 7.Na3 Rb8 8.Nc4 
Be6 9.Ne3 Nf6 10.Bc4 Be7 11.O-O b5 12.Bb3 O-O 13.Ned5 Na5 14.Nxe7+ Qxe7 
15.Bg5 Nc4 16.Bxc4 Bxc4 17.Nd5 Bxd5 18.Bxf6 Qxf6 19.Qxd5 Rfc8 20.c3 g6 21.
Rfd1 Rb6 22.Rd2 Kg7 23.Rad1 Rc5 24.Qd3 Qf4 25.g3 Qg5 26.Qf3 Qe7 27.Rd5 
Rcc6 28.a3 h5 29.h4 Qe6 30.Kg2 Qc8 31.R1d3 a5 32.Qd1 Qg4 33.Qe1 Rc4 34.f3 
Qe6 35.Qe3 Rcc6 36.Rd2 Qc8 37.Kh2 b4 38.axb4 axb4 39.c4 b3 40.f4 exf4 41.
gxf4 Qg4 42.Qd4+ f6 43.Qf2 Rxc4 44.Re2 Rbc6 45.Rdd2 Rc2 46.Rxc2 bxc2 47.
Rxc2 Rxc2 48.Qxc2 Qxf4+ 49.Kg2 Qg4+ 50.Kf1 Qh3+ 51.Kg1 Qxh4 52.Qc7+ Kh6 
53.Qxd6 Qe1+ 54.Kh2 Qf2+ 55.Kh1 Qxb2 56.Qf4+ g5 57.Qd6 h4 58.Qf8+ Kh5 59.
Qf7+ Kg4 60.Qd7+ Kf4 61.Qf5+ Kg3 0-1